00805cam a2200217 a 450000100100000000500170001000800410002704000380006808200190010610000840012524500790020926000530028830000210034149000170036250000310037965000230041065100530043365100450048660000370053183000190056800001301920200929163126.0940107s1971 mx 001 p spa d aDO-SdBNPbspacGFbASAdDLCdBNPHU aMe863.42bU79m1 aFrancisco Luis Urquizo Benavidesq(Francisco Luis Urquizo Benavides)d1891-196910aMemorias de campaña :bde subteniente a general /cFrancisco L. Urquizo. aMéxico :bFondo de Cultura Económica,c1971. a159 p. ;c17 cm.1 aPopularv102 aPRIMERA REIMPRESIÓN 1975 4aNarrativa mexicana 4aMéxicoxHistoriaxRelatos PersonalesySIGLO XX 4aMéxicoxHistoriay1910-1946xFicción14aCARRANZA, VENUSTINO,d1859-1920. 0aPopular ;v102